En torno al concepto de discapacidad /
Đã lưu trong:
| Tác giả chính: | |
|---|---|
| Định dạng: | Texto |
| Những chủ đề: | |
| Các nhãn: |
Thêm thẻ
Không có thẻ, Là người đầu tiên thẻ bản ghi này!
|
MARC
| LEADER | 00000 a a2200000 04500 | ||
|---|---|---|---|
| 001 | 4349 | ||
| 003 | |||
| 040 | |||
| 100 | |a González Rissotto, Rodolfo | ||
| 245 | |a En torno al concepto de discapacidad / |c Rodolfo González Rissotto | ||
| 650 | |a IMPEDIDOS | ||
| 650 | |a ELECCIONES | ||
| 773 | |g número 47; páginas 17-20 | ||
| 999 | |c 32512 |d 32512 | ||
